Estatísticas para Falha do motor na decolagem

Clique aqui para jogar o quiz

Estatísticas Gerais

  • Esse quiz foi jogado 45 vezes
  • A pontuação média é 6 de 12

Estatísticas das Respostas

HintResposta% Correto
2freios aplicar
100%
1gases reduzir
100%
*se não for suficiente
100%
*se o comprimento da pista for suficiente
100%
3interruptor de emergência do trem puxar e levar para a esquerda
67%
4trem recolher
67%
6magnetos desligar
33%
5mistura pobre
33%
10abandonar a anv após parada total
0%
9bateria e alternador desligar
0%
8booster desligar
0%
7gasolina fechar
0%

Distribuição das Pontuações

Percentil de Números Respondidos

Porcentagem de Pessoas com Cada Pontuação

Sua Pontuação Histórica

Você não jogou esse quiz